000 00425nam a2200169Ia 4500
005 20240823044121.0
008 240823s9999||||xx |||||||||||||| ||und||
041 _aENGLISH
082 _A658.4038 P1
100 _aSudha Kingston
245 0 _aManagement Information System
250 _a1st
260 _c2001
_bSelva Publica
500 _aTRANSFERED
650 _aManagement Systems
_bManagement Studies
942 _cBK
999 _c211815
_d211815